000 01224naa a22003257a 4500
001 BR7100145
003 BR-BrBNA
005 20240918173417.0
007 ta
008 230509b bl.||||| |||| 00| 0 por d
040 _aBR-BrBNA
_bpor
_cBiblioteca Nacional de Agricultura
041 _a(Es)
072 _aH20
_b1400
_bG302
090 _aH20 BR7100145
100 1 _aBatthiany, C.
111 1 _aSeminario sobre Metodologia e Planejamento de Pesquisa com Leguminosas Tropicais
_cCampos, RJ (Brazil)
_d25 Jul 1970
245 1 _aEvolucion de la produccion de inoculantes y de la inoculacion de leguminosas en America Latina [Doenca de planta; Bacteria; Inoculacao; Leguminosa; Nodulo; Rhizobium; Semente]
260 3 _aBrasilia, DF (Brasil):
_c1971.
500 _aAs leguminosas na agricultura tropical Brasilia, DF (Brasil): 1971. p. 294-302 (BR7100145-AM)H20
650 _aDoenca de planta
650 _aBacteria
650 _aInoculacao
650 _aLeguminosa
650 _aNodulo
650 _aRhizobium
650 _aSemente
773 0 _tAs leguminosas na agricultura tropical
_wH20 BR7100145
_gBrasilia, DF (Brasil), 1971. p. 294-302
909 _a202404
_bLucia
_c55
_dLucia Elande
942 _cAM
_2AGRIS
999 _c304458
_d304458